Shrek 2 Characters - Statistics

General Stats
  • This quiz has been taken 772 times
  • The average score is 12 of 15
Answer Stats
Actor/Actress Character Description Character % Correct
Mike Myers An male ogre who lives in a swamp Shrek
100%
Eddie Murphy An annoying, talking animal Donkey
99%
Cameron Diaz A princess who married Shrek in the first movie Fiona
99%
Antonio Banderas A cat with a cape, sword, belt, and a hat with a feather Puss in Boots
94%
Jennifer Saunders The flying wman who tells Fiona that she can get her anything she wants Fairy Godmother
89%
Rupert Everett The prince who goes to save the princess Prince Charming
88%
Cody Cameron The puppet who wants to be a real boy Pinocchio
84%
Aron Warner "I'll huff, and I'll puff, and I'll blow your house down" Big Bad Wolf
74%
Conrad Vernon "Run, run, run, as fast as you can!" Gingy
73%
Christpher Knights The three rodents with glasses and a cane Three Blind Mice
72%
John Cleese Fiona's Father King Harold
67%
Chris Miller The reflecting object Magic Mirror
64%
Cody Cameron The three swine Three Little Pigs
64%
Larry King The unpleasant stepsister Doris the Ugly Stepsister
56%
Julie Andrews Fiona's mother Queen Lillian
53%
No matching quizzes found
Score Distribution
Percent of People with Each Score
Percentile by Number Answered
Your Score History
You have not taken this quiz